|
|
|
|
| LEADER |
00000nam0a2200000 4500 |
| 001 |
54457 |
| 005 |
20231031050630.0 |
| 010 |
|
|
|a 5318001114
|
| 035 |
|
|
|a (RuTPU)RU\TPU\book\57108
|
| 090 |
|
|
|a 54457
|
| 100 |
|
|
|a 20030808d2003 km y0rusy50 ca
|
| 101 |
1 |
|
|a rus
|
| 102 |
|
|
|a RU
|
| 105 |
|
|
|a a z 001zy
|
| 200 |
1 |
|
|a Экстремальное программирование. Планирование
|e пер. с англ.
|f К. Бек, М. Фаулер
|
| 210 |
|
|
|a СПб.
|c Питер
|d 2003
|
| 215 |
|
|
|a 144 с.
|c ил.
|
| 225 |
1 |
|
|a Библиотека программиста
|
| 320 |
|
|
|a Алфавитный указатель: с. 139-144
|
| 320 |
|
|
|a Термины: с. 136-138
|
| 451 |
|
1 |
|0 (RuTPU)RU\TPU\book\63844
|y 5-8046-0051-6
|t Экстремальное программирование: разработка через тестирование
|o пер. с англ.
|f К. Бек
|c СПб.
|n Питер
|d 2003
|p 224 с.
|a Бек, Кент
|
| 451 |
|
1 |
|0 (RuTPU)RU\TPU\book\43497
|y 5-94723-032-1
|t Экстремальное программирование
|o пер. с англ.
|f К. Бек
|c СПб.
|n Питер
|d 2002
|p 224 с.
|s Библиотека программиста
|a Бек, Кент
|
| 610 |
1 |
|
|a информатика
|
| 610 |
1 |
|
|a экстремальное программирование
|
| 610 |
1 |
|
|a планирование
|
| 610 |
1 |
|
|a итерации
|
| 610 |
1 |
|
|a программное обеспечение
|
| 610 |
1 |
|
|a разработка
|
| 610 |
1 |
|
|a методология
|
| 610 |
1 |
|
|a XP
|
| 675 |
|
|
|a 681.3.066
|v 3
|
| 700 |
|
1 |
|a Бек
|b К.
|g Кент
|
| 701 |
|
1 |
|a Фаулер
|b М.
|g Мартин
|
| 801 |
|
1 |
|a RU
|b 63413507
|c 20030808
|g PSBO
|
| 801 |
|
2 |
|a RU
|b 63413507
|c 20030924
|g PSBO
|
| 801 |
|
2 |
|a RU
|b 63413507
|c 20090630
|g PSBO
|
| 942 |
|
|
|c BK
|